000 00456nam a2200157 4500
001 109817
003 ES-MaACL
005 20230906184922.0
007 t|
008 061121s1945 sp r ||||1| spa d
100 1 _aOnieva, Antonio J.
_987081
245 1 0 _a101 Cuadros- 101 Maestros -101 Museos /
_cAntonio J. Onieva.
260 _aMadrid :
_bAfrodisio Aguado,
_c1945.
300 _a1 v. con 101 lám. ;
_c28 cm.
852 _aES-MaACL
_jF-15996
_bR.21072
999 _c109817
_d109817